000 00642nam a22002297a 4500
001 2561
003 BD-RjUL
005 20211208233559.0
008 131212b1968 sq ||||| ||||i10| 0 eng d
035 _a(BD-RjUL)2588
040 _aBD-RjUL
_beng
_cBD-RjUL
_dBD-RjUL
041 _aeng
082 0 4 _221
_a340.909494
_bWAG 1968
245 _aWages :
_bA workers education manual /
260 _aGeneva:
_bInternational labour office
_c1968
300 _a255p.:
_c24 cm.
504 _aincludes bibliography
650 _aLabor laws and legislation.
_98273
710 _aInternational Labour office
_98274
856 _yWorldCat
942 _2ddc
_cBK
999 _c2561
_d2561